Познай регионите в Италия - Statistics

General Stats
  • This quiz has been taken 59 times
  • The average score is 9 of 20
Answers on the Map
Answers color-coded by a green-red scale on the quiz's map according to % correct below.
 
Answer Stats
Answer % Correct
Сицилия
94%
Сардиния
91%
Лацио
76%
Тоскана
61%
Калабрия
52%
Венето
45%
Ломбардия
45%
Вале д'Аоста
45%
Емилия Романя
42%
Лигурия
42%
Кампания
39%
Пулия
39%
Фриули Венеция Джулия
39%
Пиемонт
39%
Базиликата
36%
Трентино Алто Адидже
24%
Умбрия
21%
Молизе
18%
Марке
15%
Абруцо
3%
No matching quizzes found
Score Distribution
Percent of People with Each Score
Percentile by Number Answered
Your Score History
You have not taken this quiz